00325 a2200109 4500001001000000005001700010008004100027245005400068100002300122773005300145999001700198ART_2792020260410161950.0260409a 10aEntre cálculo racional y comportamiento reglado1 aTrapani, Daniel A.0 tInveniog- Año 7, Nº 13 (nov. 2004)wREV27781 c30327d30327